| Registos Bibliográficos associados ao registo de autoridade |
|
Etiqueta de registo: 00254nam 2200025 450 001 2232002 003 http://id.bnportugal.gov.pt/bib/catbnp/2232002 010 ## $a978-972-8871-92-5 021 ## $aPT$b539295/24 100 ## $a20251119d2024 m y0pory01030103ba 101 0# $apor 102 ## $aPT 105 ## $ay z 000yy 106 ## $ar 200 1# $aSer feliz no trabalho$e uma viagem científica, humana e criativa pelo bem-estar social$fReinaldo Sousa Santos$gpref. Madalena Carey 205 ## $a2ª ed 210 #9 $aLisboa$cRH,$d2024 215 ## $a477, [1] p.$d24 cm 675 ## $a005.95/.96$vBN$zpor$31236312 675 ## $a331.108$vBN$zpor$3295447 700 #1 $aSantos,$bReinaldo Sousa,$f1976-$31851027 702 #1 $aCarey,$bMadalena$4080$31972443 801 #0 $aPT$bBN$gRPC 856 41 $uhttp://rnod.bnportugal.gov.pt/ImagesBN/winlibimg.aspx?skey=&doc=2232002&img=217375&save=true 900 ## $aBIBNAC$d20260122 966 ## $lBN$mFGMON$sP. 71709 V.$x1 966 ## $lBN$mFGMON$sP. 71709 V.-D$x1 971 ## $corlando$d20251119 972 ## $e0$z0$d20260122$vlrevez 973 ## $csteixeira$d20260106
|
|
|